000 02074nam a2200421 i 4500
001 198415
003 ES-MaACL
005 20260601172324.0
007 ta
008 260601s1960 sp a|||| |||| 001 1 spa d
017 _aB 1417-1960
_bOficina Depósito Legal Barcelona
040 _aES-MaACL
_bspa
_cES-MaACL
_erda
080 _a82"18/19"(082.2)
100 1 _aMommsen, Theodor,
_d1817-1903
_4aut
_982081
_eaut
245 1 0 _aTheodor Mommsen, Giosué Carducci, Frans Emil Sillanpää, Hermann Hesse, Juan Ramón Jiménez
264 1 _aBarcelona :
_bPlaza & Janés,
_c1960
300 _a2014 páginas y 5 hojas sin numerar :
_bretratos (blanco y negro) ;
_c18 cm
336 _2rdacontent
_aTexto
337 _2rdamedia
_asin mediación
338 _2rdacarrier
_avolumen
490 0 _aLos premios Nobel de literatura ;
_v7
500 _aRegistro provisional
500 _aÍndice
505 0 _aHistoria de Roma (fragmento) / Theodor Mommsen -- Odas bárbaras ; Rimas y ritmos ; Ensayos / Giosue Carducci -- Silja ; La vida y el sol / Frans Emil Sillanpää -- Hermann Lauscher ; Viaje al Oriente ; El juego de los abalorios / Hermann Hesse -- Platero y yo ; Españoles de tres mundos ; Pastorales ; Poemas májicos y dolientes ; Sonetos espirituales ; Diario de un poeta reciéncasado ; Eternidades ; Dios deseado y deseante / Juan Ramón Jiménez
546 _aTraducido del finés, italiano y alemán
650 4 _aLiteratura-
_yS.XIX
_9160173
650 4 _aLiteratura-
_yS.XX
_914497
700 1 _aCarducci, Giosuè (
_d1835-1907)
_4aut
_935212
_eaut
700 1 _aSillanpää, Frans Eemil (
_d1888-1964)
_4aut
_9174467
_eaut
700 1 _aHesse, Hermann,
_d1877-1962
_4aut
_963472
_eaut
700 1 _aJiménez, Juan Ramón,
_d1881-1958
_966417
_4aut
_eaut
700 1 _aRolland, Romain,
_d1866-1944
_9239240
_4aut
_eaut
852 _aES-MaACL
_cDES
_jDB-218
_hDonación: J. Porto
_xEncuadernación cartoné
_9207393
942 _cMONOGRAFIA
_n0
999 _c198415
_d198415